Permissiveness in child rearing and education : a failed doctrine? : new trends for the 1990s
Αποθηκεύτηκε σε:
| Κύριος συγγραφέας: | |
|---|---|
| Μορφή: | Βιβλίο |
| Γλώσσα: | English |
| Δημοσίευση: |
Lanham :
University Press of America,
1993
|
| Θέματα: | |
| Ετικέτες: |
Προσθήκη ετικέτας
Δεν υπάρχουν, Καταχωρήστε ετικέτα πρώτοι!
|
MARC
| LEADER | 00000nam a2200000 i 4500 | ||
|---|---|---|---|
| 001 | 1/92319 | ||
| 008 | 991112s1993 eng d | ||
| 020 | |a 0-8191-8979-0 | ||
| 035 | |l 10054006 | ||
| 040 | |a GR-MY-UA |b gre |e aacr | ||
| 041 | 0 | |a eng | |
| 082 | 0 | |a 649.64 | |
| 100 | 1 | |a Phillips, E. Lakin. | |
| 245 | 1 | 0 | |a Permissiveness in child rearing and education : |b a failed doctrine? : new trends for the 1990s / |c E. Lakin Phillips |
| 260 | |a Lanham : |b University Press of America, |c 1993 | ||
| 300 | |a 120 p. | ||
| 650 | 0 | 0 | |a Discipline of children. |
| 650 | 0 | 0 | |a School discipline. |
| 650 | 0 | 0 | |a Child rearing. |
| 650 | 0 | 0 | |a Authority. |
| 852 | |a INST |b RHODES |e 19991112 |h 649.64 PHI |p 005400011874 |q 005400011874 |t BK |y 0 | ||
| 852 | |a INST |b RHODES |e 20000124 |h 649.64 PHI |p 005400013318 |q 005400013318 |t BK |y 0 | ||
| 901 | |a BIBL4-1999-3 | ||
| 909 | |a Ρ |b 067061 | ||
| 909 | |a Ρ |b 073105 | ||
| 922 | |a 4ΕΛΗ |b 199907 |c ΚΠΣ/154 |d GLORY BOOKS | ||
| 970 | |a ΚΟΥΛΑΚΙΟΤΗ |b ΛΙΤΣΑ |z 1999/11/12 | ||